000
00311nam a2200145Ia 4500
100
_a
Kochan/Stephen J/ Woods.P.H
942
_c
RB
654
_a
unix
245
_a
Exploring the UNIX system 3/e
260
_b
SAMS
_a
Indiana
_c
1994
082
_a
5.13
_b
PAN
300
_a
371
546
_a
ENGLISH
999
_c
19176
_d
19176